000 01105nam a2200277 4500
001 114277
003 DR-UNIBE
005 20251210095930.0
008 251204b2023 dr ||||| |||| 00| 1 spa d
040 _aBIBLIOTECA UNIBE
_cBIBLIOTECA UNIBE
_bspa
_erda
041 _aspa
090 _aFBIU - DRP CI M386l
100 1 0 _aMartínez, Samía
_9201269
_eautor
245 1 3 _aLa idea de Sasha /
_cSamía Martínez ; ilustraciones: Nathalia Rivera ; edición y diseño gráfico: Ana Galán
250 _aPrimera edición
260 _a Loma Cabarete :
_bDream Project,
_c2023
300 _a[Sin páginas] :
_bilustraciones a color ;
_c 20 x 20 cm
500 _aDatos del autor ganador del concurso de escritura de Dream Project y del ilustrador al final de la obra
653 7 _aLiteratura infantil dominicana
653 7 _aCuento Infantil dominicano
653 7 _aImaginación - Cuentos infantiles dominicanos
653 7 _aAmistad - Cuentos infantiles dominicanos
700 1 0 _aRivera, Nathalia
_959870
_eilustrador
700 1 0 _aGalán, Ana
_9154971
_eeditor
_ediseñador gráfico
942 _2ddc
_cBK
999 _c114277
_d114277